Finite and infinite games

Αποθηκεύτηκε σε:
Λεπτομέρειες βιβλιογραφικής εγγραφής
Κύριος συγγραφέας: Carse, James P.
Μορφή: Βιβλίο
Γλώσσα:English
Δημοσίευση: New York : Ballantine Books, [c1986]
Θέματα:
Ετικέτες: Προσθήκη ετικέτας
Δεν υπάρχουν, Καταχωρήστε ετικέτα πρώτοι!

MARC

LEADER 00000cam a2200000 i 4500
001 1/29783
008 060518s1986 eng d
020 |a 0-345-34184-8 
035 |l 10083982 
040 |a GR-MY-UA  |b gre  |e aacr 
041 0 |a eng 
082 0 |a 110  |2 (22) 
100 1 |a Carse, James P. 
245 1 0 |a Finite and infinite games /  |c James P. Carse 
260 |a New York :   |b Ballantine Books,   |c [c1986] 
300 |a 180 σ.;  |c 20 εκ. 
500 |a Με: Gott und die staatlichen Eisenbahnen: Erzahlungen / Peter Ustinov. - -und Kommen Sie mal nach Ungarn! / Klara Feher 
504 |a Περιλαμβάνει ευρετήριο 
650 0 0 |a Life. 
650 0 0 |a Games  |x Symbolic aspects. 
650 0 0 |a Religion. 
650 0 0 |a Philosophy. 
852 |a INST  |b RHODES  |c KRI  |e 20060518  |h  110 CAR  |p 005400020874  |q 005400020874  |t BK  |y 0 
901 |a BIBL4-2006-2 
909 |a Ρ  |b 123574 
970 |a ΚΟΖΑ  |b ΜΑΡΙΑ  |z 2006/05/18